[Event "Pardubice op"]
[Site "Pardubice"]
[Date "1995.??.??"]
[Round "?"]
[White "Kiselev, Sergey"]
[Black "Pribyl, Josef"]
[Result "1/2-1/2"]
[WhiteElo "2505"]
[BlackElo "2405"]

1.Nf3 Nf6 2.c4 g6 3.Nc3 Bg7 4.e4 d6 5.d4 O-O 6.Be2 e5 7.Be3 Nc6 8.d5 Ne7
9.Nd2 c5 10.a3 Ne8 11.b4 f5 12.f3 b6 13.Rb1 Kh8 14.O-O Ng8 15.bxc5 bxc5 16.Kh1 Bh6
17.Bf2 Ngf6 18.Nb3 Rf7 19.Nc1 Qa5 20.Be1 Qxa3 21.Nd3 Qa5 22.f4 exf4 23.e5 dxe5
24.Nxe5 Rg7 25.d6 Bd7 26.Bf3 Rd8 27.Ne4 Qa6 28.Ra1 Qc8 29.Nxf6 Nxf6 30.Rxa7 Ne4
31.Bxe4 fxe4 32.Bc3 Kg8 33.Qd5+ Be6 34.Ng4 Rxa7 35.Nxh6+ Kf8 36.Rxf4+ Ke8
37.Qe5 Rb7 38.Rxe4 Rb1+ 39.Be1 Rd1 40.h3 R8xd6 41.Kh2 Kd7 42.Bf2 Qf8 43.Be3  1/2-1/2

[Event "Pardubice op"]
[Site "Pardubice"]
[Date "1995.??.??"]
[Round "?"]
[White "Tolstikh, Nikolay"]
[Black "Bagaturov, Giorgi"]
[Result "1/2-1/2"]
[WhiteElo "2405"]
[BlackElo "2465"]

1.Nf3 Nf6 2.c4 g6 3.Nc3 Bg7 4.e4 d6 5.d4 O-O 6.Be2 e5 7.dxe5 dxe5 8.Qxd8 Rxd8
9.Bg5 Na6 10.Nd5 Rd6 11.Bxf6 Bxf6 12.Nxf6+ Rxf6 13.Nxe5 Re6 14.f4 Re8 15.Bf3 f6
16.Nd3 Bf5 17.Nf2 Bxe4 18.Nxe4 f5 19.O-O-O fxe4 20.Be2 Nc5 21.g3 a5 22.Rd5 b6
23.Rhd1 Kf7 24.b3 Re7 25.Kc2 Kf6 26.Kc3 Rae8 27.Rd8 Rxd8 28.Rxd8 h6 29.Kd2 e3+
30.Ke1 g5 31.fxg5+ hxg5 32.Rf8+ Ke5 33.Rg8 Kf6  1/2-1/2

[Event "Pardubice op"]
[Site "Pardubice"]
[Date "1995.??.??"]
[Round "?"]
[White "Babula, Vlastimil"]
[Black "Buturin, Vladimir"]
[Result "1-0"]
[WhiteElo "2530"]
[BlackElo "2430"]

1.d4 Nf6 2.c4 g6 3.Nc3 Bg7 4.e4 d6 5.Nf3 O-O 6.Be2 e5 7.d5 a5 8.Bg5 h6 9.Bh4 Na6
10.O-O Bd7 11.Nd2 Qe8 12.Kh1 Nh7 13.a3 Bf6 14.Bg3 a4 15.Nb5 Bg5 16.Nf3 Bxb5
17.cxb5 Nc5 18.Nxg5 Nxg5 19.f3 f5 20.exf5 gxf5 21.Rc1 Qe7 22.Bf2 Ra5 23.Be1 Ra7
24.Rc4 b6 25.Bf2 Rfa8 26.Qc2 f4 27.Rg1 Qh7 28.Qc3 Qf5 29.h4 Nf7 30.Bf1 Kf8
31.g3 fxg3 32.Rxg3 Ke7 33.Kg2 Qf6 34.Bd3 Qh8 35.Rcg4 Rf8 36.Bf5 Raa8 37.Be6 Rg8
38.Qc2 Rxg4 39.Rxg4 Rg8 40.Bxc5 bxc5 41.Bxf7 Rxg4+ 42.fxg4 Kxf7 43.Kg3 Ke7
44.Qxa4 Qh7 45.Qd1 Qe4 46.Qd2 Qh1 47.g5 Qg1+ 48.Qg2 Qe3+ 49.Kg4 hxg5 50.hxg5 Qf4+
51.Kh5 e4 52.Qg4 Qh2+ 53.Kg6 Qe5 54.Qc8 e3 55.Qxc7+ Ke8 56.Qc8+ Ke7 57.Qc7+ Ke8
58.Qf7+ Kd8 59.b6 Qe4+ 60.Kg7 Qe7 61.Qxe7+ Kxe7 62.b7 e2 63.b8=Q e1=Q 64.Qc7+  1-0

[Event "Pardubice op"]
[Site "Pardubice"]
[Date "1995.??.??"]
[Round "?"]
[White "Kiselev, Sergey"]
[Black "Biolek, Richard"]
[Result "1/2-1/2"]
[WhiteElo "2505"]
[BlackElo "2415"]

1.d4 Nf6 2.c4 g6 3.Nc3 Bg7 4.e4 O-O 5.Nf3 d6 6.Be2 e5 7.Be3 h6 8.O-O Ng4
9.Bc1 Nc6 10.d5 Ne7 11.Ne1 h5 12.f3 Nh6 13.Nd3 f5 14.b4 f4 15.Bd2 g5 16.Nf2 Kh8
17.c5 Neg8 18.Rc1 Nf6 19.h3 Rf7 20.cxd6 cxd6 21.a4 Bf8 22.Nb5 Ne8 23.Rc3 Rg7
24.Qb3 Be7 25.Rfc1 Bf6 26.Nxa7 Bd7 27.Nb5 g4 28.fxg4 Bh4 29.gxh5 Nf6 30.Bf3 Qb6
31.Be1 Bxh3 32.Kf1 Bd7 33.Nc7 Rxa4 34.R3c2 Rg3 35.Rc6 bxc6 36.Qxa4 Qxc7 37.dxc6 Rg8
38.b5 Bc8 39.Qb4 Qb6 40.Qxd6 Qxb5+ 41.Be2 Qb3 42.Qxe5 Qg3 43.Ng4 Nxg4 44.Bxg3 Nxe5  1/2-1/2

[Event "Paris op"]
[Site "Paris"]
[Date "1995.??.??"]
[Round "?"]
[White "Shipov, Sergei"]
[Black "Belkhodja, Slim"]
[Result "1-0"]
[WhiteElo "2510"]
[BlackElo "2365"]

1.d4 d6 2.Nf3 Nd7 3.c4 g6 4.e4 Bg7 5.Nc3 e5 6.Be2 Ngf6 7.O-O O-O 8.Be3 Ng4
9.Bg5 f6 10.Bd2 c6 11.d5 Nh6 12.dxc6 bxc6 13.Bxh6 Bxh6 14.Qxd6 Qb6 15.Rab1 Rd8
16.Na4 Qa5 17.Qxc6 Bb7 18.Qe6+ Kh8 19.Nc3 Bf8 20.Rfd1 Qb6 21.Qf7 Nc5 22.Rxd8 Rxd8
23.b4 Qe6 24.Qxe6 Nxe6 25.c5 a5 26.a3 Nd4 27.Nxd4 exd4 28.Nd5 axb4 29.axb4 f5
30.f3 fxe4 31.fxe4 Bxd5 32.exd5 Rxd5 33.c6 Bd6 34.b5 d3 35.Bf3 Rc5 36.b6 d2
37.c7 Rc1+ 38.Kf2 Bxh2 39.Ke3 Bxc7 40.bxc7 Rxc7 41.Kxd2 Rc5 42.Rb7 h5 43.Ke3 Rf5
44.Be4 Rf6 45.Rc7 h4 46.Rc6 Kg7 47.Rxf6 Kxf6 48.Kf4 h3 49.g4 h2 50.Kg3  1-0

[Event "Paris op"]
[Site "Paris"]
[Date "1995.??.??"]
[Round "?"]
[White "Shipov, Sergei"]
[Black "Shchekachev, Andrei"]
[Result "1-0"]
[WhiteElo "2510"]
[BlackElo "2465"]

1.d4 g6 2.c4 Nf6 3.Nc3 Bg7 4.e4 d6 5.Be2 O-O 6.Nf3 e5 7.Be3 Na6 8.O-O Ng4
9.Bg5 Qe8 10.dxe5 dxe5 11.h3 Nf6 12.Be3 b6 13.Qb1 Nc5 14.b4 Ne6 15.Rd1 Nd7
16.c5 bxc5 17.bxc5 Rb8 18.Qc2 Ndxc5 19.Rac1 Bd7 20.Rd5 Na4 21.Nxe5 Rb2 22.Qxb2 Nxb2
23.Nxd7 c6 24.Rd2 Nd4 25.Nxf8 Nxe2+ 26.Nxe2 Kxf8 27.Bg5 f6 28.Be3 f5 29.exf5 gxf5
30.Rc5 Qe4 31.Rdc2 Nd3 32.Ng3 Qa4 33.Rxf5+ Kg8 34.Rd2 Qc4 35.Nh5 Bc3 36.Bh6 Bb4
37.Re2 Qc1+  1-0

[Event "Philidor mem"]
[Site "Paris"]
[Date "1995.??.??"]
[Round "10"]
[White "Relange, Eloi"]
[Black "Murrey, Jacob"]
[Result "1-0"]
[WhiteElo "2455"]
[BlackElo "2500"]

1.d4 Nf6 2.c4 g6 3.Nc3 Bg7 4.e4 d6 5.Nf3 O-O 6.Be2 e5 7.d5 Nh5 8.Ng1 Nf4
9.Bf3 Na6 10.g3 Nh3 11.Nxh3 Bxh3 12.g4 Qh4 13.Rg1 h6 14.Be3 f5 15.gxf5 gxf5
16.Qe2 Kh7 17.O-O-O Bf6 18.exf5 Bxf5 19.Bg4 Bg5 20.Bxf5+ Rxf5 21.Rg4 Bxe3+
22.fxe3 Qf2 23.Qxf2 Rxf2 24.Ne4 Rf7 25.Rdg1 Nc5 26.Nxc5 dxc5 27.Kd2 Re8 28.Kd3 h5
29.Rh4 Kh6 30.Ke4 Rf2 31.b3 Rxa2 32.Rh3 Rf2 33.Rhg3 Re7 34.Rg6+ Kh7 35.R1g2 Rxg2
36.Rxg2 Kh6 37.h4 a6 38.Kf5 Rf7+ 39.Ke6 Rf3 40.e4 Rxb3 41.Kd7 Re3 42.Kxc7 Rxe4
43.d6 Rxc4 44.d7 Rd4 45.d8=Q Rxd8 46.Kxd8 c4 47.Kc7 b5 48.Kb6 c3 49.Kc5 Kh7
50.Kb4 c2 51.Rxc2 Kg6 52.Rf2 e4 53.Rf4 e3 54.Ka5 e2 55.Re4  1-0

[Event "Passau op"]
[Site "Passau"]
[Date "1995.??.??"]
[Round "?"]
[White "Gross, Stefan"]
[Black "Freitag, Roland"]
[Result "1-0"]
[WhiteElo "2370"]
[BlackElo "2200"]

1.Nf3 Nf6 2.c4 g6 3.Nc3 Bg7 4.e4 d6 5.d4 O-O 6.Be2 e5 7.d5 a5 8.Be3 Na6 9.Nd2 c6
10.a3 Bd7 11.Rb1 cxd5 12.cxd5 Nc5 13.b3 Qe7 14.O-O Rfc8 15.Rc1 b5 16.f3 Rab8
17.b4 axb4 18.axb4 Na6 19.Qb3 Nh5 20.Rfe1 Nf4 21.Bf1 g5 22.Ra1 Nc7 23.Ra7 g4
24.fxg4 h5 25.gxh5 Kh7 26.Ne2 Bh6 27.Ng3 Qf6 28.Rc1 Ne8 29.Rxc8 Bxc8 30.Nf5 Bxf5
31.exf5 Ng7 32.Ne4 Qxf5 33.Nxd6 Qg4 34.Nxf7 Nh3+ 35.Kh1 Qf5 36.Bd3 Bxe3 37.Bxf5+ Nxf5
38.Ng5+ Kh6 39.Nxh3 Bxa7 40.Qc2 Rf8 41.Qc6+ Kxh5 42.Qc7 Be3 43.Qxe5  1-0

[Event "Passau op"]
[Site "Passau"]
[Date "1995.??.??"]
[Round "?"]
[White "Lenz, Alarich"]
[Black "Balashov, Yuri S"]
[Result "0-1"]
[WhiteElo "2220"]
[BlackElo "2505"]

1.d4 Nf6 2.Nf3 d6 3.c4 g6 4.Nc3 Bg7 5.e4 O-O 6.Be2 Nbd7 7.O-O e5 8.Re1 c6
9.Bf1 a5 10.h3 Re8 11.d5 Nc5 12.b3 Bd7 13.Rb1 Qc7 14.a3 cxd5 15.Nxd5 Nxd5
16.exd5 a4 17.b4 Bf5 18.Rb2 Nb3 19.Be3 Rec8 20.Ra2 h6 21.Nd2 Nd4 22.Nf3 Nb3
23.Nd2 b5 24.g4 Bd7 25.c5 dxc5 26.bxc5 Nxc5 27.Rc2 Bf8 28.Ne4 Nxe4 29.Rxc7 Rxc7
30.Bg2 Nd6 31.Bb6 Rcc8 32.Qd3 Nc4 33.d6 Nxb6 34.Bxa8 Rxa8 35.Rxe5 Rd8 36.Re7 Bc6
37.Qg3 Bxe7  0-1

[Event "Passau op"]
[Site "Passau"]
[Date "1995.??.??"]
[Round "?"]
[White "Schlosser, Philipp"]
[Black "Kovalev, Andrei"]
[Result "0-1"]
[WhiteElo "2505"]
[BlackElo "2505"]

1.d4 Nf6 2.c4 g6 3.Nc3 Bg7 4.e4 O-O 5.Nf3 d6 6.Be2 e5 7.d5 Nh5 8.g3 a5 9.Nd2 Nf6
10.h4 Na6 11.h5 Nc5 12.h6 Bh8 13.Qc2 Ne8 14.Nb3 f5 15.Nxc5 dxc5 16.Be3 b6
17.exf5 Bxf5 18.Bd3 Nd6 19.Ne4 Bxe4 20.Bxe4 Bf6 21.O-O-O Qe7 22.Kb1 Bg5 23.Rde1 Qf6
24.Bd3 Bxe3 25.Rxe3 Qxf2 26.Rxe5 Qxc2+ 27.Kxc2 Rae8 28.Rxe8 Rxe8 29.Kd2 Re5
30.g4 Nf7 31.b3 Kf8 32.a3 Ke7 33.Rb1 Rg5 34.Be2 Nxh6 35.Rh1 Nxg4 36.Rxh7+ Kd6
37.Bxg4 Rxg4 38.Rg7 a4 39.bxa4 Rxc4 40.a5 bxa5 41.Rxg6+ Kxd5 42.Rh6 Ra4 43.Rh3 Rg4
44.Kc3 Kc6 45.Rh7 Kb6 46.Rh3 Kb5 47.Kb3 Rd4 48.Kc3 Rf4 49.Kb3 c4+ 50.Kc3 c5
51.Rg3 Rf1 52.Kc2 Rf2+ 53.Kc1 Ka4 54.Rc3 Rf4 55.Kc2 Rd4 56.Rh3 Rd3 57.Rh8 Kxa3
58.Rc8 Rg3 59.Rb8 a4 60.Ra8 Rg2+ 61.Kc3 Rg3+ 62.Kc2 Rb3 63.Ra7 c3 64.Ra8 Kb4
65.Kd3 c4+ 66.Kc2 Rb2+ 67.Kc1 a3  0-1

[Event "Passau op"]
[Site "Passau"]
[Date "1995.??.??"]
[Round "?"]
[White "Schlosser, Philipp"]
[Black "Korotylev, Alexey"]
[Result "1/2-1/2"]
[WhiteElo "2505"]
[BlackElo "2445"]

1.c4 g6 2.d4 Bg7 3.e4 d6 4.Nc3 Nf6 5.Nf3 O-O 6.Be2 e5 7.d5 a5 8.h3 Na6 9.Bg5 h6
10.Be3 Nh5 11.Nd2 Nf4 12.Bf1 Nb4 13.Ndb1 Bd7 14.g3 Nh5 15.Be2 Nf6 16.a3 Na6
17.Nd2 Qe8 18.g4 a4 19.h4 Nc5 20.h5 g5 21.f3 b6 22.Kf2 Ra5 23.Bxc5 dxc5 24.Nf1 Qe7
25.Ne3  1/2-1/2

[Event "PER-ch43"]
[Site "PER"]
[Date "1995.??.??"]
[Round "3"]
[White "Pacheco Asmat, Jorge"]
[Black "Miguel, Fernando"]
[Result "0-1"]
[WhiteElo "2205"]
[BlackElo "2305"]

1.d4 Nf6 2.c4 g6 3.Nc3 Bg7 4.e4 O-O 5.Nf3 d6 6.Be2 e5 7.d5 a5 8.Bg5 h6 9.Bh4 Na6
10.Nd2 Nc5 11.O-O Bd7 12.b3 Nfxe4 13.Bxd8 Nxc3 14.Qe1 Rfxd8 15.Nb1 Nxe2+
16.Qxe2 e4 17.Nd2 f5 18.Rad1 Re8 19.g3 Re5 20.Kh1 Rae8 21.Qe3 g5 22.Rg1 Rf8
23.f4 exf3 24.Qxf3 Rfe8 25.Rdf1 Re3 26.Qd1 Nd3 27.Rf3 g4 28.Rxe3 Rxe3 29.Rg2 Re1+
30.Qxe1 Nxe1 31.Re2 f4 32.Rxe1 f3 33.Ne4 Bf5 34.Kg1 h5 35.Kf1 Kf7 36.Ng5+ Kg6
37.Ne6 Bc3 38.Rd1 a4 39.bxa4 Ba5 40.c5 Bc2 41.Rd4 Bb1 42.h3 dxc5 43.Rf4 gxh3
44.Kf2 h2 45.Rh4 Be4 46.Rxh2 c4 47.Ke3 f2 48.Rxf2 Bb6+ 49.Kxe4 Bxf2 50.Nxc7 c3
51.Kd3 Bxg3 52.Nb5 h4 53.Nxc3 h3 54.Ne2 Bd6  0-1

[Event "PER-ch43"]
[Site "PER"]
[Date "1995.??.??"]
[Round "5"]
[White "Aguilar, Juan"]
[Black "Belli, Mario"]
[Result "1/2-1/2"]
[WhiteElo "2290"]
[BlackElo "2410"]

1.d4 Nf6 2.c4 g6 3.Nc3 Bg7 4.e4 d6 5.Nf3 O-O 6.Be2 e5 7.dxe5 dxe5 8.Qxd8 Rxd8
9.Bg5 c6 10.Nxe5 Re8 11.O-O-O Na6 12.Rd6 Nxe4 13.Nxe4 Bxe5 14.Nf6+ Bxf6 15.Bxf6 Bf5
16.Rd2 Nc5  1/2-1/2

[Event "World op"]
[Site "Philadelphia"]
[Date "1995.??.??"]
[Round "2"]
[White "Lower, Spencer"]
[Black "Lein, Anatoly"]
[Result "1/2-1/2"]
[WhiteElo "2250"]
[BlackElo "2470"]

1.d4 Nf6 2.c4 g6 3.Nc3 Bg7 4.e4 d6 5.Nf3 O-O 6.Be2 e5 7.O-O Nbd7 8.d5 a5
9.Ne1 Nc5 10.f3 Nh5 11.Nd3 b6 12.Be3 f5 13.a3 fxe4 14.fxe4 Rxf1+ 15.Bxf1 Bd7
16.b4 Nxd3 17.Bxd3 Nf4 18.Bf1 Bh6 19.Bf2 Qg5 20.Kh1 Qf6 21.Kg1 Qg5 22.Kh1 Qf6
23.Kg1 Qg5  1/2-1/2

[Event "World op"]
[Site "Philadelphia"]
[Date "1995.??.??"]
[Round "3"]
[White "Lower, Spencer"]
[Black "Remlinger, Larry"]
[Result "1/2-1/2"]
[WhiteElo "2250"]
[BlackElo "2420"]

1.d4 Nf6 2.c4 g6 3.Nc3 Bg7 4.e4 d6 5.Nf3 O-O 6.Be2 e5 7.d5 a5 8.Bg5 h6 9.Bh4 Na6
10.Nd2 h5 11.a3 Bh6 12.Nf3 Kg7 13.b4 Bg4 14.Rb1 Bxf3 15.Bxf6+ Qxf6 16.Bxf3 axb4
17.axb4 h4 18.h3 Qg5 19.O-O f5 20.Rb2 Rf7 21.Qa4 Rb8 22.Qb5 Qe7 23.Ra1 Rff8
24.Ra5 Qe8 25.Qxe8 Rfxe8 26.c5 Bc1 27.Rc2 Bg5 28.Rb2  1/2-1/2

[Event "World op"]
[Site "Philadelphia"]
[Date "1995.??.??"]
[Round "5"]
[White "Hook, William"]
[Black "Paschall, William M"]
[Result "1-0"]
[WhiteElo "2145"]
[BlackElo "2330"]

1.d4 Nf6 2.c4 g6 3.Nc3 Bg7 4.e4 d6 5.Be2 O-O 6.Nf3 Nbd7 7.O-O e5 8.d5 Nc5
9.Qc2 a5 10.Ne1 Bd7 11.Be3 b6 12.g3 Ng4 13.Bxg4 Bxg4 14.f3 Bh3 15.Rf2 f5
16.Nd3 Qd7 17.Kh1 Rf7 18.Nxc5 bxc5 19.Ne2 fxe4 20.fxe4 Rxf2 21.Bxf2 Bh6 22.Ng1 Bg4
23.Kg2 Qc8 24.Re1 Rb8 25.Be3 Bxe3 26.Rxe3 a4 27.h3 Bd7 28.Rf3 Rb4 29.Qe2 c6
30.Rf2 cxd5 31.cxd5 Qd8 32.Qf3 Qe7 33.h4 h6 34.g4 Kg7 35.Nh3 Rb8 36.Kg3 Bb5  1-0

[Event "World op"]
[Site "Philadelphia"]
[Date "1995.??.??"]
[Round "8"]
[White "Levit, Roman"]
[Black "Fishbein, Alexander"]
[Result "1/2-1/2"]
[WhiteElo "2265"]
[BlackElo "2525"]

1.d4 Nf6 2.c4 g6 3.Nc3 Bg7 4.e4 d6 5.Be2 O-O 6.Nf3 e5 7.dxe5 dxe5 8.Qxd8 Rxd8
9.Bg5 Nbd7 10.O-O-O Rf8 11.Nd2 c6 12.Be3 Ne8 13.c5 Nc7 14.Nb3 Re8 15.Na5 Nf8
16.Nc4 Nfe6 17.Nd6 Rd8 18.Bc4 Rf8 19.f3 Nd4 20.Bxd4 exd4 21.Ne2 Be6 22.Nxd4 Bxc4
23.Nxc4 Bxd4 24.Rxd4 Ne6 25.Rd2 Nxc5 26.Rhd1 Ne6 27.Rd7 Nc5 28.R7d2  1/2-1/2

[Event "World op"]
[Site "Philadelphia"]
[Date "1995.??.??"]
[Round "8"]
[White "Lower, Spencer"]
[Black "Kalme, Charles I"]
[Result "1-0"]
[WhiteElo "2250"]
[BlackElo "2320"]

1.d4 Nf6 2.c4 g6 3.Nc3 Bg7 4.e4 d6 5.Nf3 O-O 6.Be2 e5 7.d5 Nbd7 8.Bg5 h6
9.Bf4 a5 10.Nd2 Nc5 11.O-O g5 12.Bg3 Bd7 13.b3 Qc8 14.a3 Nh7 15.b4 Na6 16.Rb1 f5
17.exf5 Bxf5 18.Nde4 axb4 19.axb4 b6 20.Bd3 Rf7 21.f3 Nf8 22.Bf2 Ng6 23.g3 Bf8
24.Qe2 Be7 25.Be3 Rg7 26.Kh1 Nf8 27.g4 Bxe4 28.Nxe4 Nb8 29.Ng3 Bd8 30.Ra1 Nbd7
31.Bf5 Qb7 32.Nh5 Re7 33.h4 Nh7 34.Qc2 Ndf8 35.b5 Rxa1 36.Rxa1 Rf7 37.Kg2 Nf6
38.Be6 Nxh5 39.Bxf7+ Kxf7 40.gxh5 Qc8 41.Qe4 Qd7 42.Ra8 Bf6 43.hxg5 hxg5
44.Kg3 Qe7 45.Qf5 Kg7 46.Kg4  1-0

[Event "World op"]
[Site "Philadelphia"]
[Date "1995.??.??"]
[Round "8"]
[White "Kapstan, Aron"]
[Black "Gross, Daniel"]
[Result "1/2-1/2"]
[WhiteElo "2205"]
[BlackElo "2140"]

1.d4 Nf6 2.c4 g6 3.Nc3 Bg7 4.e4 d6 5.Be2 O-O 6.Nf3 e5 7.d5 a5 8.Bg5 h6 9.Bh4 Na6
10.Nd2 Qe8 11.O-O Bd7 12.f3 h5 13.Bg5 Nh7 14.Be3 Bf6 15.Nb3 b6 16.Qd2 Qe7
17.Nc1 Bg5 18.Bxg5 Nxg5 19.Nd3 f5 20.b3 f4 21.Nf2 Nh7 22.Kh1 g5 23.Rg1 Kh8
24.Raf1 g4 25.fxg4 hxg4 26.Bxg4 Bxg4 27.Nxg4 Qh4 28.h3 Rg8 29.Nh2 Ng5 30.Nf3 Qh7
31.Qe1 Nc5 32.Nxg5 Rxg5 33.Rf3 Rag8 34.Kh2 Rg3 35.Ne2 R3g5 36.Nc3 Rg3 37.Ne2 R3g5  1/2-1/2

[Event "Polanica Zdroj op"]
[Site "Polanica Zdroj"]
[Date "1995.??.??"]
[Round "2"]
[White "Hellsten, Johan"]
[Black "Krylov, Stanislav"]
[Result "1-0"]
[WhiteElo "2430"]
[BlackElo "2305"]

1.d4 Nf6 2.c4 g6 3.Nc3 Bg7 4.e4 d6 5.Nf3 O-O 6.Be2 e5 7.d5 a5 8.Bg5 h6 9.Bh4 Na6
10.O-O Qe8 11.Nd2 Nh7 12.a3 Bd7 13.Kh1 a4 14.Nb5 h5 15.f3 Bh6 16.b4 axb3
17.Nxb3 f5 18.exf5 Bxf5 19.c5 Qd7 20.Bc4 Kh8 21.Qe2 g5 22.Be1 g4 23.f4 Bg7
24.Bc3 Rae8 25.fxe5 Bxe5 26.Bxe5+ Rxe5 27.Qb2 Nf6 28.N5d4 Nb8 29.Nxf5 Rxf5
30.Nd4 Rxf1+ 31.Rxf1 Qe7 32.Ne6 Rf7 33.c6 b6 34.Bd3 Nxc6 35.Bg6  1-0

[Event "Polanica Zdroj op"]
[Site "Polanica Zdroj"]
[Date "1995.??.??"]
[Round "6"]
[White "Cichocki, Adam"]
[Black "Filipek, Jakub"]
[Result "1-0"]
[WhiteElo "2375"]
[BlackElo "2245"]

1.d4 Nf6 2.c4 g6 3.Nc3 Bg7 4.e4 d6 5.Nf3 O-O 6.Be2 e5 7.Be3 Ng4 8.Bg5 f6
9.Bh4 Nc6 10.d5 Ne7 11.Nd2 Nh6 12.f3 c5 13.O-O g5 14.Bf2 f5 15.Rb1 Ng6 16.g3 g4
17.fxg4 Nxg4 18.Bxg4 fxg4 19.Be3 Rxf1+ 20.Qxf1 b6 21.a3 h5 22.b4 a6 23.Qc1 Ra7
24.Qb2 Rf7 25.bxc5 bxc5 26.Qb6 Qf8 27.Bxc5 Rf6 28.Be3 h4 29.Rf1 Kh7 30.Rxf6 Qxf6
31.c5 hxg3 32.hxg3 dxc5 33.Qxf6 Bxf6 34.Bxc5 Kg7 35.Nc4 Bd8 36.Kf2 Kf6 37.Bb6 Be7
38.Ke3 Bf8 39.Kd3 Bd7 40.Bd8+ Kf7 41.Bc7 Kf6 42.Nb6 Be8 43.a4 Bc5 44.Bd8+ Kf7
45.Nc4 Bd7 46.Bb6 Bb4 47.a5 Kf6 48.Ne3 Nh8 49.Bd8+ Kg6 50.Bc7 Nf7 51.Kc4 Bf8
52.Nc2 Nd6+ 53.Bxd6 Bxd6 54.Nb4 Bc8 55.Na4 Bd7 56.Nc6 Kf7 57.Nc5 Ke8 58.Nxa6 Bxc6
59.dxc6 Be7 60.Nc5  1-0

[Event "Rubinstein mem"]
[Site "Polanica Zdroj"]
[Date "1995.??.??"]
[Round "6"]
[White "Sosonko, Gennadi"]
[Black "Ftacnik, Lubomir"]
[Result "1/2-1/2"]
[WhiteElo "2525"]
[BlackElo "2580"]

1.d4 Nf6 2.c4 g6 3.Nc3 Bg7 4.e4 d6 5.Nf3 O-O 6.Be2 e5 7.O-O exd4 8.Nxd4 Re8
9.f3 Nc6 10.Be3 Nh5 11.Nd5 Nxd4 12.Bxd4 c6 13.Nc3 Bh6 14.g3 Ng7 15.f4 f5
16.Bf3 g5 17.fxg5 Qxg5 18.Bg2 Qg6 19.Qf3 Rf8 20.Be3 Be6 21.Bxh6 Qxh6 22.b3 fxe4
23.Qxe4 Qd2 24.Nd1 Rxf1+ 25.Bxf1 Rf8 26.Bg2 Re8 27.Qe3 Qa5 28.Qc3 Qc5+ 29.Qe3 Qa5
30.Qc3 Qc5+  1/2-1/2

[Event "Polanica Zdroj op"]
[Site "Polanica Zdroj"]
[Date "1995.??.??"]
[Round "7"]
[White "Kuczewska, Izabela"]
[Black "Cherevatenko, Roman"]
[Result "1-0"]
[WhiteElo "2245"]
[BlackElo "2420"]

1.d4 Nf6 2.Nf3 g6 3.c4 Bg7 4.Nc3 d6 5.e4 O-O 6.Be2 e5 7.dxe5 dxe5 8.Qxd8 Rxd8
9.Bg5 c6 10.O-O Re8 11.Nd2 h6 12.Be3 Ng4 13.Bc5 Na6 14.Ba3 Be6 15.h3 Nf6
16.Rfd1 Bf8 17.Bxf8 Kxf8 18.Nb3 Rac8 19.Rd2 Nd7 20.Rad1 Nb6 21.Na5 Rc7 22.a3 Nc5
23.b4 Nca4 24.Nxa4 Nxa4 25.Rc1 b6 26.Nb3 c5 27.Na1 Rd7 28.Rxd7 Bxd7 29.Nc2 Nc3
30.Bd3 Bc6 31.f3 Rd8 32.Ne1 cxb4 33.axb4 Na2 34.Rb1 a5 35.bxa5 bxa5 36.Kf2 Nb4
37.g4 Ke7 38.Ke3 Kd6 39.Nc2 Nxc2+ 40.Bxc2 Kc5 41.Bd3 a4 42.Ra1 Ra8 43.Bb1 Kb4
44.Kd2 a3 45.Ba2 Rd8+ 46.Ke1 Kc3 47.Rb1 Ba4 48.c5 Rd2 49.Bxf7 Rb2 50.Ra1 Kb4
51.h4 Bb3 52.Bxb3 Kxb3 53.Kd1 a2  1-0

[Event "Pozarevac"]
[Site "Pozarevac"]
[Date "1995.??.??"]
[Round "1"]
[White "Peng, Zhaoqin"]
[Black "Dimitrov, Vladimir"]
[Result "0-1"]
[WhiteElo "2355"]
[BlackElo "2520"]

1.d4 Nf6 2.c4 g6 3.Nc3 Bg7 4.e4 d6 5.Be2 O-O 6.Nf3 e5 7.d5 a5 8.Bg5 h6 9.Bh4 Na6
10.Nd2 Bd7 11.O-O Qb8 12.a3 Nh7 13.f3 h5 14.Rb1 Bh6 15.b4 axb4 16.axb4 Qa7+
17.Bf2 Be3 18.Qc2 Rfc8 19.Bxe3 Qxe3+ 20.Kh1 Nf6 21.Rfe1 h4 22.Qd3 Qg5 23.Bf1 Nh5
24.Qe3 Qxe3 25.Rxe3 b6 26.Nb5 Bxb5 27.cxb5 Nb8 28.Rc3 Nf6 29.Rbc1 Ne8 30.g3 hxg3
31.hxg3 Ra4 32.Nc4 Nd7 33.Bh3 Rd8 34.Rb1 Ndf6 35.Ra3 Rxa3 36.Nxa3 Ra8 37.Ra1 Nh5
38.Kh2 Nhg7 39.Nc2 Rxa1 40.Nxa1 f5 41.Nc2 Nf6 42.Bg2 Kh7 43.Kg1 Kh6 44.Kf2 Kg5
45.Ne1 Ngh5 46.Nc2 f4 47.g4 Ng3 48.Ne1 Kh4 49.Nd3 Ngxe4+ 50.fxe4 Nxg4+ 51.Kf3 g5
52.Nc5 bxc5 53.bxc5 dxc5 54.d6 cxd6 55.b6 Nf6 56.Bf1 g4+ 57.Kf2 Nd7  0-1

[Event "CZE Tschechien-ch"]
[Site "Prague"]
[Date "1995.??.??"]
[Round "?"]
[White "Gross, Stefan"]
[Black "Belaska, Premysl"]
[Result "1/2-1/2"]
[WhiteElo "2350"]
[BlackElo "2230"]

1.Nf3 Nf6 2.c4 g6 3.Nc3 Bg7 4.e4 d6 5.d4 O-O 6.Be2 e5 7.Be3 c6 8.d5 cxd5
9.cxd5 Nh5 10.O-O Nf4 11.Ne1 f5 12.f3 fxe4 13.fxe4 Nd7 14.Bf3 Nf6 15.Nd3 Nxd3
16.Qxd3 Ng4 17.Bxg4 Bxg4 18.Rxf8+ Bxf8 19.Qb5 Qc7 20.Rc1 a6 21.Qb3 Rc8 22.h3 Bd7
23.Na4 Qb8 24.Rxc8 Qxc8 25.Nb6 Qc7 26.Qc3 Qd8 27.a4 Be8 28.b3 Bd7 29.Kf1 Be7
30.Ke2 Kg7 31.Kd3 Bf8 32.Qc1 Kg8 33.b4 Bh6 34.Qe1 Bxe3 35.Qxe3 Qc7 36.Kd2 Be8
37.Qf2 Kg7 38.Qe3 Qf7 39.Ke1 Qc7 40.Kd2 Kg8 41.Kd1  1/2-1/2

[Event "Prague Bohemians"]
[Site "Prague"]
[Date "1995.??.??"]
[Round "1"]
[White "Danner, Georg"]
[Black "Znamenacek, Kvetoslav"]
[Result "1-0"]
[WhiteElo "2455"]
[BlackElo "2300"]

1.d4 Nf6 2.Nf3 g6 3.c4 Bg7 4.Nc3 d6 5.e4 O-O 6.Be2 e5 7.d5 a5 8.Bg5 h6 9.Bh4 Na6
10.Nd2 Bd7 11.a3 Qe8 12.b3 Nh7 13.Rb1 Nc5 14.f3 f5 15.Qc2 Bf6 16.Bf2 Bg5
17.b4 axb4 18.axb4 Na4 19.Nb5 Bxd2+ 20.Qxd2 Bxb5 21.cxb5 fxe4 22.fxe4 Ng5
23.Bd3 Qd7 24.h4 Nf7 25.Rc1 Nb6 26.O-O Kg7 27.Be3 Rac8 28.Rf3 Qe7 29.Rcf1 Nd7
30.Qc1 Kg8 31.g3 Kg7 32.R1f2 g5 33.Bf1 gxh4 34.gxh4 Qxh4 35.Rh3 Qxf2+ 36.Bxf2 Ng5
37.Rg3 Nf6 38.Be3 Nxe4 39.Bxg5 hxg5 40.Rxg5+ Nxg5 41.Qxg5+ Kf7 42.Qf5+ Kg7
43.Qd7+ Kf6 44.Qe6+ Kg5 45.Bd3 Rce8 46.Qg6+ Kf4 47.Qh6+ Kf3 48.Qh3+ Kf4 49.Bg6 Ra8
50.Qh4+ Kf3 51.Qe1 Kf4 52.Qf2+ Kg5 53.Bf7 Rh8 54.Qg3+ Kf6 55.Qg6+ Ke7 56.Qe6+ Kf8
57.Qf6  1-0

[Event "Women-Veterans"]
[Site "Prague"]
[Date "1995.??.??"]
[Round "7"]
[White "Kortschnoj, Viktor"]
[Black "Cramling, Pia"]
[Result "1/2-1/2"]
[WhiteElo "2635"]
[BlackElo "2510"]

1.Nf3 Nf6 2.c4 g6 3.Nc3 Bg7 4.e4 d6 5.d4 O-O 6.Be2 e5 7.O-O Na6 8.Be3 Ng4
9.Bg5 Qe8 10.Re1 exd4 11.Nxd4 Qe5 12.Nf3 Qc5 13.Bh4 Be6 14.Rc1 Bh6 15.Na4 Qa5
16.Rb1 Bg7 17.b3 Bd7 18.Nd4 Nf6 19.Nb5 Nxe4 20.Bf3 Nd2 21.Bxb7 Nxb1 22.Bxa8 Rxa8
23.Qxb1 Bxb5 24.cxb5 Qxb5 25.Qe4 d5 26.Qe7 Qb4 27.Bg3 Qxe7 28.Rxe7 Bf6 29.Re2 c5
30.Kf1 c4 31.bxc4 dxc4 32.Be5 Bxe5 33.Rxe5 Rc8 34.Ra5 Nb4 35.Nc3 Rc7 36.g3 Kg7
37.f4 Nd3 38.Ke2 Re7+ 39.Kf3 Ne1+ 40.Kf2 Nd3+ 41.Kf3 Kf8 42.Nd5 Ne1+ 43.Kf2 Nd3+
44.Kf3 Ne1+ 45.Kf2 Nd3+ 46.Kf3  1/2-1/2

[Event "Women-Veterans"]
[Site "Prague"]
[Date "1995.??.??"]
[Round "7"]
[White "Portisch, Lajos"]
[Black "Polgar, Zsuzsa"]
[Result "1/2-1/2"]
[WhiteElo "2615"]
[BlackElo "2565"]

1.d4 Nf6 2.c4 g6 3.Nc3 Bg7 4.e4 d6 5.Nf3 O-O 6.Be2 e5 7.Be3 Ng4 8.Bg5 f6
9.Bc1 Nc6 10.O-O f5 11.dxe5 Ngxe5 12.exf5 Bxf5 13.Be3 Ng4 14.Bg5 Qd7 15.Qd2 Rae8
16.Rae1 h6 17.Bf4 g5 18.Bg3 Nf6 19.Nd4 Ne4 20.Nxe4 Nxd4 21.Bd3 Qf7 22.f3 Bxe4
23.Bxe4 Qxc4 24.b3 Qb5 25.Bf2 d5 26.Bxd4 Bxd4+ 27.Qxd4 dxe4 28.Rxe4 Qb6 29.Qxb6 axb6
30.Rfe1 Rxe4 31.Rxe4 Kf7 32.Rc4 c5 33.Kf2 Re8 34.h4 Kf6 35.hxg5+ hxg5 36.Ra4 Kf5
37.Ra7 Rb8 38.Ke3 Ke5 39.Ra4 Rd8 40.Ra7 Rb8 41.Kd3 g4 42.fxg4 Rg8 43.Ra4 b5
44.Re4+ Kf6 45.Rf4+ Kg6 46.Kc3 Ra8 47.Rf5 b6 48.Kb2 Re8 49.Rd5 Re2+ 50.Kb1 Re1+
51.Kc2 Re2+  1/2-1/2

[Event "Prague Bohemians"]
[Site "Prague"]
[Date "1995.??.??"]
[Round "7"]
[White "Thoma, Robert"]
[Black "Pachmann, Ales"]
[Result "1/2-1/2"]
[WhiteElo "2285"]
[BlackElo "2230"]

1.d4 Nf6 2.c4 g6 3.Nc3 Bg7 4.e4 d6 5.Nf3 O-O 6.Be2 e5 7.O-O exd4 8.Nxd4 Re8
9.f3 c6 10.Kh1 Nbd7 11.Nc2 Nb6 12.Bg5 Be6 13.Ne3 h6 14.Bh4 g5 15.Bg3 d5 16.cxd5 cxd5
17.Nb5 Re7 18.Bd6 Rd7 19.e5 Ne8 20.f4 gxf4 21.Rxf4 Qg5 22.Rf3 Nxd6 23.exd6 Be5
24.Qf1 Kh8 25.Nf5 Rg8 26.Nbd4 Bxd6 27.Nxd6 Rxd6 28.Bd3 Nc4 29.Nxe6 fxe6 30.Rf7 Rg7
31.Rf8+ Rg8 32.Rf7 Rg7  1/2-1/2

[Event "Prague Bohemians"]
[Site "Prague"]
[Date "1995.??.??"]
[Round "10"]
[White "Danner, Georg"]
[Black "Thoma, Robert"]
[Result "1/2-1/2"]
[WhiteElo "2455"]
[BlackElo "2285"]

1.d4 Nf6 2.c4 g6 3.Nc3 Bg7 4.e4 d6 5.Nf3 O-O 6.Be2 e5 7.d5 a5 8.Be3 Na6 9.Nd2 Bd7
10.a3 c5 11.g4 Ne8 12.h4 Rb8 13.g5 f6 14.gxf6 Nxf6 15.h5 Be8 16.Nf1 a4 17.Ng3 Nc7
18.Qd2 b5 19.cxb5 Nxb5 20.Bxb5 Bxb5 21.hxg6 hxg6 22.Bh6 Ng4 23.Be3 Bd7 24.Nd1 Rb3
25.Rc1 Rf3 26.Rc3 Rxc3 27.bxc3 Qb6 28.O-O Qb3 29.Kg2 Nxe3+ 30.Nxe3 Rf4 31.Qc2 Qxc2
32.Nxc2 Bb5 33.Rd1 Bc4 34.Ne3 Bb3 35.Rb1 Bh6 36.f3 Rh4 37.Ngf1 Bf4 38.Ng4 Kf7
39.Nfe3 Rh8 40.Kf2 Rc8 41.Ke2 Bg5 42.Rg1 Bf4 43.Rh1 Kg7 44.Kd3 Rb8 45.Ra1  1/2-1/2